| 000 | 01394nam a2200193 4500 | ||
|---|---|---|---|
| 020 | _a0415905133 | ||
| 100 | 1 | _aZipes, Jack David. | |
| 245 | 1 | 0 |
_aFairy tales and the art of subversion : _bthe classical genre for children and the process of civilization / _cJack Zipes. |
| 260 |
_aNew York : _bRoutledge, _c1991. |
||
| 300 |
_a214 p ; _c22 cm. |
||
| 500 | _aFirst published: London : Heinemann Educational, 1983. | ||
| 504 | _aIncludes bibliographical references and index. | ||
| 505 |
_aCONTENTS: Acknowledgement -- Fairy tale discourse: Towards a social history of the genre -- Setting standards for civilization through fairy tales: Charles Perrault and his associations -- Who's afraid of the brother's Grimm? Socialization and politicization through fairy tales -- Hans Christain Andersen and the discourse of the dominated -- Inverting and subverting the world with hope: The fairy tales of George MacDonald, Oscar Wilde and L. Frank Baum -- The fight over fairy-tale discourse: Family, friction, and socialization in the Weimar republic and Nazi Germany -- The liberating potential of the fantastic in contemporary fairy tales for children -- Bibliography -- Index. _g _r _t |
||
| 650 | 0 |
_aChildren _xBooks and reading. |
|
| 650 | 0 |
_aFairy tales _xHistory and criticism. |
|
| 650 | 0 | _aMoral development. | |
| 650 | 0 | _aSocialization. | |
| 999 |
_c5845 _d5845 |
||